| 000 | 00805nam a22002657a 4500 | ||
|---|---|---|---|
| 003 | URS | ||
| 005 | 20260407111304.0 | ||
| 008 | 260316b |||||||| |||| 00| 0 eng d | ||
| 020 | _a978-0-70207-959-7 | ||
| 040 |
_cURS _bEnglish _erda |
||
| 050 | 0 | 0 |
_aRC961 _b.M3181 2024 |
| 245 | 1 | 0 |
_aManson's tropical diseases / _cedited by Jeremy Farra...[and six others] |
| 250 | _a24th ed. | ||
| 264 |
_aPhiladelphia : _bElsevier, _c©2024. |
||
| 300 |
_axxi, 1362 pages : _billustrations ; _c28 cm. |
||
| 336 |
_atext _btxt _2rdacontent |
||
| 337 |
_aunmediated _bn _2rdamedia |
||
| 338 |
_avolume _bnc _2rdacarrier |
||
| 504 | _aIncludes bibliographies. | ||
| 650 | 0 | _aTropical medicine. | |
| 650 | 0 |
_aParasitic diseases. _96731 |
|
| 650 | 0 |
_aDiseases. _96505 |
|
| 740 | _aTropical diseases. | ||
| 942 |
_2lcc _cR |
||
| 999 |
_c99075 _d99072 |
||